Environmental geochemistry : (Record no. 51202)

MARC details
000 -LEADER
fixed length control field 00655nam a2200217Ia 4500
005 - DATE AND TIME OF LATEST TRANSACTION
control field 20260429111851.0
008 - FIXED-LENGTH DATA ELEMENTS--GENERAL INFORMATION
fixed length control field 260429s9999||||xx |||||||||||||| ||und||
020 ## - INTERNATIONAL STANDARD BOOK NUMBER
International Standard Book Number 9780443138010
041 ## - LANGUAGE CODE
Language English
082 ## - DEWEY DECIMAL CLASSIFICATION NUMBER
Classification number 551.9
Item number VIV
100 ## - MAIN ENTRY--PERSONAL NAME
Personal name Vivo, Benedetto De
245 #0 - TITLE STATEMENT
Title Environmental geochemistry :
Remainder of title site characterization, data analysis, case histories, and associated health issues /
Statement of responsibility, etc Benedetto De Vivo
250 ## - EDITION STATEMENT
Edition statement 3rd ed.
260 ## - PUBLICATION, DISTRIBUTION, ETC. (IMPRINT)
Place of publication, distribution, etc Netherlands :
Name of publisher, distributor, etc Elsevier,
Date of publication, distribution, etc 2024.
300 ## - PHYSICAL DESCRIPTION
Extent xxxvii, 787 p.; pbk
650 ## - SUBJECT ADDED ENTRY--TOPICAL TERM
Topical term or geographic name as entry element Geochemistry
650 ## - SUBJECT ADDED ENTRY--TOPICAL TERM
Topical term or geographic name as entry element Geology
700 ## - ADDED ENTRY--PERSONAL NAME
Personal name Belkin, Harvey E.
700 ## - ADDED ENTRY--PERSONAL NAME
Personal name Lima, Annamaria
942 ## - ADDED ENTRY ELEMENTS (KOHA)
Koha item type Text Books
Holdings
Withdrawn status Lost status Damaged status Not for loan Collection code Home library Location Shelving location Date of Cataloging Source of acquisition Total Checkouts Full call number Barcode Date last seen Price effective from Koha item type
        Non-fiction CUTN Central Library CUTN Central Library Sciences 29/04/2026 Prashant Book Agency, New Delhi - Invoice No. 537 on 09-02-2026   551.9 VIV 56060 29/04/2026 29/04/2026 Text Books